<?xml version="1.0" encoding="UTF-8"?><?xml-stylesheet type="text/xsl" href="static/style.xsl"?><OAI-PMH xmlns="http://www.openarchives.org/OAI/2.0/" xmlns:xsi="http://www.w3.org/2001/XMLSchema-instance" xsi:schemaLocation="http://www.openarchives.org/OAI/2.0/ http://www.openarchives.org/OAI/2.0/OAI-PMH.xsd"><responseDate>2026-04-18T01:11:28Z</responseDate><request verb="GetRecord" identifier="oai:www.recercat.cat:20.500.12327/784" metadataPrefix="marc">https://recercat.cat/oai/request</request><GetRecord><record><header><identifier>oai:recercat.cat:20.500.12327/784</identifier><datestamp>2025-10-22T11:31:22Z</datestamp><setSpec>com_2072_4428</setSpec><setSpec>com_2072_4427</setSpec><setSpec>col_2072_487898</setSpec></header><metadata><record xmlns="http://www.loc.gov/MARC21/slim" xmlns:dcterms="http://purl.org/dc/terms/" xmlns:xsi="http://www.w3.org/2001/XMLSchema-instance" xmlns:doc="http://www.lyncode.com/xoai" xsi:schemaLocation="http://www.loc.gov/MARC21/slim http://www.loc.gov/standards/marcxml/schema/MARC21slim.xsd">
   <leader>00925njm 22002777a 4500</leader>
   <datafield ind2=" " ind1=" " tag="042">
      <subfield code="a">dc</subfield>
   </datafield>
   <datafield ind2=" " ind1=" " tag="720">
      <subfield code="a">Czyżewska-Dors, Ewelina</subfield>
      <subfield code="e">author</subfield>
   </datafield>
   <datafield ind2=" " ind1=" " tag="720">
      <subfield code="a">Núñez, José I.</subfield>
      <subfield code="e">author</subfield>
   </datafield>
   <datafield ind2=" " ind1=" " tag="720">
      <subfield code="a">Saporiti, Viviane</subfield>
      <subfield code="e">author</subfield>
   </datafield>
   <datafield ind2=" " ind1=" " tag="720">
      <subfield code="a">Huerta, Eva</subfield>
      <subfield code="e">author</subfield>
   </datafield>
   <datafield ind2=" " ind1=" " tag="720">
      <subfield code="a">Riutord, Carme</subfield>
      <subfield code="e">author</subfield>
   </datafield>
   <datafield ind2=" " ind1=" " tag="720">
      <subfield code="a">Cabezón, Oscar</subfield>
      <subfield code="e">author</subfield>
   </datafield>
   <datafield ind2=" " ind1=" " tag="720">
      <subfield code="a">Segalés, Joaquim</subfield>
      <subfield code="e">author</subfield>
   </datafield>
   <datafield ind2=" " ind1=" " tag="720">
      <subfield code="a">Sibila, Marina</subfield>
      <subfield code="e">author</subfield>
   </datafield>
   <datafield ind2=" " ind1=" " tag="260">
      <subfield code="c">2020-05-01</subfield>
   </datafield>
   <datafield ind2=" " ind1=" " tag="520">
      <subfield code="a">Porcine circovirus 3 (PCV-3) is the third member of the family Circoviridae, genus Circovirus, able to infect swine. A high prevalence of viral DNA has been recorded in wild boars. Recently, PCV-3 DNA was identified in Italian wild ruminants. Based on these previous results, this study assessed the frequency of PCV-3 DNA detection in free-ranging ruminants and Lagomorpha species in Spain. In addition, the genetic characterization of the PCV-3 PCR-positive samples was performed. A total of 801 serum samples, including red deer (Cervus elaphus, [CE]; n = 108), roe deer (Capreolus capreolus, [CC]; n = 87), Pyrenean chamois (Rupicapra pyrenaica, [RP]; n = 133), Iberian ibex (Capra pyrenaica, [CP]; n = 92), mouflon (Ovis aries, [OA]; n = 91), fallow deer (Dama dama, [DD]; n = 104), European rabbit (Oryctolagus cuniculus, [OC]; n = 101), and European hare (Lepus europaeus, [LE]; n = 85) from Catalonia (northeast Spain) were tested by conventional polymerase chain reaction (PCR) and, when positive, sequenced. Overall, PCV-3 DNA was found in three out of 801 analyzed sera (0.37%) corresponding to one red deer (1/108, 0.9%), one mouflon (1/91, 1.1%), and one fallow deer (1/104, 0.96%). None of the samples collected from Lagomorpha species resulted PCR positive. The partial genome sequences detected in positive samples displayed high identity with some PCV-3 sequences detected in wild boars and domestic pigs (99.7% and 100%, respectively). In conclusion, the present study indicated that free-ranging ruminant and Lagomorpha species are not relevant in the epidemiology of PCV-3 in Spain.</subfield>
   </datafield>
   <datafield ind1="8" ind2=" " tag="024">
      <subfield code="a">Czyżewska-Dors, Ewelina, José I. Núñez, Viviane Saporiti, Eva Huerta, Carme Riutord, Oscar Cabezón, Joaquim Segalés, and Marina Sibila. 2020. "Detection Of Porcine Circovirus 3 In Wildlife Species In Spain". Pathogens 9 (5): 341. MDPI AG. doi:10.3390/pathogens9050341.</subfield>
   </datafield>
   <datafield ind1="8" ind2=" " tag="024">
      <subfield code="a">2076-0817</subfield>
   </datafield>
   <datafield ind1="8" ind2=" " tag="024">
      <subfield code="a">http://hdl.handle.net/20.500.12327/784</subfield>
   </datafield>
   <datafield ind1="8" ind2=" " tag="024">
      <subfield code="a">https://doi.org/10.3390/pathogens9050341</subfield>
   </datafield>
   <datafield ind2="0" ind1="0" tag="245">
      <subfield code="a">Detection of Porcine Circovirus 3 in Wildlife Species in Spain</subfield>
   </datafield>
</record></metadata></record></GetRecord></OAI-PMH>